000 00466nam a2200169 4500
001 136728
003 ES-MaACL
005 20230906195219.0
007 t|
008 070214s1971 sp r ||||1| spa d
100 1 _aSalado, Manuel.
_9101697
245 1 0 _aAlenda desnuda
_b: (36 actos de una adolescente) /
_cManuel Salado.
250 _a1ยช ed.
260 _aBarcelona :
_bEd. 29,
_c1971.
300 _a218 p. ;
_c20 cm.
852 _aES-MaACL
_jC-41541
_bR.79830
999 _c136728
_d136728